000 00272nam a2200109Ia 4500
999 _c8637
_d8637
020 _a978-1420922301
100 _aLewis Carroll
245 0 _aAlice's Adventures in Wonderland & Through the Looking-Glass
260 _aNew York
_bAddision
_c1991
300 _a292
942 _cBK